Online Catalogue and eLibrary

Feminism and nationalism in the third world (Record no. 2376)

MARC details
000 -LEADER
fixed length control field 00470nam a2200181Ia 4500
005 - DATE AND TIME OF LATEST TRANSACTION
control field 20240610041907.0
008 - FIXED-LENGTH DATA ELEMENTS--GENERAL INFORMATION
fixed length control field 240331s9999 xx 000 0 und d
020 ## - INTERNATIONAL STANDARD BOOK NUMBER
ISBN 0862322650
082 ## - DDC Classification
Item Number - Author Mark JAY
Class No. 322
100 ## - MAIN ENTRY--PERSONAL NAME
Personal name Jayawardena, Kumari
245 #0 - TITLE STATEMENT
Title Feminism and nationalism in the third world
Statement of responsibility, etc. Kumari, Jayawardena
260 ## - PUBLICATION, DISTRIBUTION, ETC.
Place of publication, distribution, etc. Colombo
Name of publisher, distributor, etc. Sanjiva books
Date of publication, distribution, etc. 1986
300 ## - PHYSICAL DESCRIPTION
Extent (e.g. Volumes, Pages etc.) x, 275 p .,
650 ## - SUBJECT ADDED ENTRY--TOPICAL TERM
Topical term or geographic name entry element Civilization
650 ## - SUBJECT ADDED ENTRY--TOPICAL TERM
Topical term or geographic name entry element Woman
650 ## - SUBJECT ADDED ENTRY--TOPICAL TERM
Topical term or geographic name entry element Social
942 ## - Koha item type (Biblio)
Koha item type Books in Stacks (Lending)
Holdings
Lost status Damaged status Collection code Home library Current library Shelving location Date acquired Full call number Accession Number Item type
    Lending WERC Library WERC Library Social Science Cupboard 03/31/2024 322.4 JAY 5786 Books in Stacks (Lending)

© WERC Library